000 01092nam a22003497a 4500
001 0066357
003 KOHA_MİRAKIL
005 20260207004639.0
007 ta
008 210831b2020 tu a|||gr||||#0|||0|tur |
020 _a9786057822499
040 _aTR-BiSEU
_btur
_cTR-BiSEU
_erda
041 0 _atur
044 _ctu
050 _aHV6771
_b.P45 2020
100 1 _aPeker, Hasan Sencer.
245 1 _aİktisadi Açıdan Dolandırıcılık/
_cHasan Sencer Peker ; Hasan Sencer Peker.
264 1 _aAnkara :
_bPolis Akademisi
_c2020
300 _a192 sayfa :
_bresimli ;
_c24 cm.
336 _ametin
_btxt
_2rdacontent
337 _aaracısız
_bn
_2rdamedia
338 _acilt
_bnc
_2rdacarrier
490 1 _aPolis Akademisi Yayınları ;
_v103
500 _aKaynakça var.
650 0 _aSahtecilik--Türkiye.
_9115665
650 0 _aDolandırıcılık (hukuk)--Türkiye.
_9125468
650 0 _aFraud (law)--Turkey.
_9125469
650 0 _aForgery--Turkey.
_9115667
830 1 _aPolis Akademisi Yayınları ;
_v103
_955619
907 _aSosyal Bilimler
942 _2lcc
_cBK
999 _c66796
_d66796